Normal view
MARC view
Entry Nombre personal
001 - NÚMERO DE CONTROL
- campo de control: 206093
003 - IDENTIFICADOR DE NÚMERO DE CONTROL
- campo de control: mxcmmo
005 - FECHA Y HORA DE LA ÚLTIMA TRANSACCIÓN
- campo de control: 20250707125457.0
008 - ELEMENTOS DE DATO DE LONGITUD-FIJA
- campo de control de longitud fija: 250707|| aca||aabn | a|a d
010 ## - NÚMERO DE CONTROL DE LA BIBLIOTECA DEL CONGRESO
- Número de control de LC: 99050908
040 ## - FUENTE DE CATALOGACIÓN
- Centro catalogador/agencia de origen: mxcmmo
- Lengua de catalogación: spa
- Centro/agencia transcriptor: mxcmmo
- Normas de descripción: rda
046 ## - FECHAS CON CODIFICACIÓN ESPECIAL
- Fecha de nacimiento: 23 de mayo 1877-
- Fecha de la muerte: 1964-
100 1# - ENCABEZAMIENTO-NOMBRE DE PERSONA
- Nombre de persona: Jacinto Arxer i Bussalleu
- Fechas asociadas al nombre: 1877-1964
370 ## - LUGAR ASOCIADO
- Lugar de nacimiento: Setúbal, Portugal
- Lugar de fallecimiento: Arenys de Mar
- País asociado: Cataluña
373 ## - GRUPO ASOCIADO
- Grupo asociado: Colegio Arxer
- Grupo asociado: Ateneo Arenyense
- Grupo asociado: Diario Gráfico de Madrid “Ahora”
374 ## - OCUPACIÓN
- Ocupación: Escritor
- Ocupación: Biliotecario
- Ocupación: Profesor
- Ocupación: Periodista
375 ## - GÉNERO/SEXO
- Género: Masculino
377 ## - IDIOMA ASOCIADO
- Código del idioma: cat
400 1# - TRAZADO DE VÉASE--NOMBRE DE PERSONA
- Nombre de persona: Arxer Bussalleu, Jacinto
- Fechas asociadas al nombre: 1877-1964
670 ## - FUENTE DE DATOS ENCONTRADOS
- Cita de la fuente: Catálogo de la Bilioteca del Congreso, 07 de julio 2025 :
- Información encontrada: Catálogo electrónico (Arxer i Bussalleu, Jacint, 1877-1964)
- Identificador Uniforme de Recurso: https://lccn.loc.gov/no99050908
670 ## - FUENTE DE DATOS ENCONTRADOS
- Cita de la fuente: La guerra civil de Arenys de Mar:
- Información encontrada: Portada (acinto Arxer i Bussalleu)
670 ## - FUENTE DE DATOS ENCONTRADOS
- Cita de la fuente: Biblioteca Nacional de España, 07 de julio 2025
- Identificador Uniforme de Recurso: https://www.bne.es/es/blog/blog-bne/documentos-deja-vida-diario-personal-jacinto-arxer-i-bussalleu-parte-i